000 00713nam a2200217 a 4500
001 55146
003 BD-RjUL
005 20211209080224.0
008 161114t19691968cau||||| |||| 001 0 eng d
035 _a(BD-RjUL)55268
040 _aBD-RjUL
_beng
_cBD-RjUL
_dBD-RjUL
041 _aeng
082 _223
_a150.1943
_bKIE 1969
100 _a Kirk, Roger E.
_9164332
245 _aExperimental Design :
_bProcedures for the Behavioral Science a battle line /
_cRoger E. Kirk
260 _aCalifornia :
_bBrooks / Cole Publishing Company,
_c1968 [printing 1969].
300 _axii,577 p. :
_bill. ;
_c25 cm.
504 _aIncludes index and bibliographical reference
650 _aBehaviorism
_9116569
942 _2ddc
_cBK
999 _c55146
_d55146